[Event "HUN-chT2 Szechenyi 1011"]
[Site "Hungary"]
[Date "2010.11.07"]
[Round "5.12"]
[White "Bodor, Gergely"]
[Black "Kiss, Viktoria"]
[Result "1-0"]
[WhiteElo "1635"]
[BlackElo "1420"]
[PlyCount "67"]
[EventDate "2010.09.12"]
[EventType "team-tourn"]
[EventRounds "11"]
[EventCountry "HUN"]
[SourceTitle "EXT 2012"]
[Source "ChessBase"]
[SourceDate "2011.11.24"]
[SourceVersion "1"]
[SourceVersionDate "2011.11.24"]
[SourceQuality "1"]
[WhiteTeam "FKMK"]
[BlackTeam "Ajka Banyasz"]
[WhiteTeamCountry "HUN"]
[BlackTeamCountry "HUN"]

1. e4 e5 2. Nf3 Nc6 3. Bc4 Bc5 4. d3 h6 5. 0-0 Nf6 6. c3 Bb6 7. Re1 d6 8. Nbd2 Bg4 9. h3 Bh5 10. a4 a5 11. Nf1 Qd7 12. Ng3 Bg6 13. Nh4 Bh7 14. Nhf5 Bxf5 15. Nxf5 Rg8 16. Qf3 0-0-0 17. Be3 Ba7 18. b4 axb4 19. Bxa7 Nxa7 20. cxb4 Kb8 21. b5 Nc8 22. a5 Ne7 23. Nxe7 Qxe7 24. Reb1 g5 25. b6 c6 26. a6 Rd7 27. Qd1 Qf8 28. axb7 Rxb7 29. Qa4 Kc8 30. Qa8+ Rb8 31. Qxc6+ Kd8 32. Qc7+ Ke8 33. Bb5+ Nd7 34. Qxd7# 1-0